| 000 | 00512cam a22001331 4500 | ||
|---|---|---|---|
| 082 |
_a923.154 _bLAW |
||
| 100 | 1 |
_aLawson, Charles, _950473 |
|
| 245 | 0 | 4 |
_aThe private life of Warren Hastings, _bfirst govenor-general of India; _cby Sir Charles Lawson. |
| 260 |
_aLondon, _bS. Sonnenschein & co.; _aNew York, _bMacmillan & co., _c1895. |
||
| 300 |
_a[iii]-viii, 254 p. _bfront., illus., plates (1 fold.) ports., facsims. _c22 cm. |
||
| 526 |
_a0 _b0 _c0 _d923_154000000000000_LAW |
||
| 650 |
_aMCE _9379 |
||
| 942 |
_2ddc _cBK |
||
| 999 |
_c553210 _d553210 |
||